Coral Reefs, Seagrass Beds and Mangroves : (Record no. 130802)

MARC details
000 -CABECERA
campo de control de longitud fija 01176nam a2200241 a 4500
005 - FECHA Y HORA DE LA ÚLTIMA TRANSACCIÓN
campo de control 20210219160112.0
008 - ELEMENTOS DE LONGITUD FIJA--INFORMACIÓN GENERAL
campo de control de longitud fija 080801s1983 mx r 000 0 spa d
035 ## - NÚMERO DE CONTROL DEL SISTEMA
Número de control de sistema UPN01000158688
049 ## - COLECCIÓN
Colección UNE
080 ## - NÚMERO DE CLASIFICACIÓN DECIMAL UNIVERSAL
Número de la Clasificación Decimal Universal 551.351. 5.002.1 (7/8)=20 COR No.23
111 2# - ASIENTO PRINCIPAL--NOMBRE DE REUNION
Nombre de congreso/reunión o jurisdicción como elemento de entrada Workshop on the Interactions between Mangroves, Seagrass Beds and Coral Reefs in the Coastal Zones of the Caribbean, Virgin Islands, USA
245 00 - MENCIÓN DE TÍTULO
Título Coral Reefs, Seagrass Beds and Mangroves :
Resto del título Their Interaction in the Coastal Zones of the Caribbean; Report /
Mención de responsabilidad, etc. John C. Ogden; Elizabeth H. Gladfelter.
260 ## - PUBLICACIÓN, DISTRIBUCIÓN, ETC.
Lugar de publicación, distribución, etc. París :
Nombre del editor, distribuidor, etc. UNESCO :
-- Montevideo, Uruguay :
-- ROSTLAC,
Fecha de publicación, distribución, etc. 1983.
300 ## - DESCRIPCIÓN FÍSICA
Extensión 133 p. :
Otras características físicas il., map.
440 #0 - MENCIÓN DE SERIE/ASIENTO SECUNDARIO--TÍTULO
Título UNESCO Reports in Marine Science ;
Designación de volumen o secuencia 23
690 ## - PUNTO DE ACCESO ADICIONAL DE MATERIA LOCAL--TÉRMINO DE MATERIA (OCLC, RLIN)
Término de materia o nombre geográfico como elemento inicial Arrecifes de coral - Medio ambiente marino - Microorganismos
690 ## - PUNTO DE ACCESO ADICIONAL DE MATERIA LOCAL--TÉRMINO DE MATERIA (OCLC, RLIN)
Término de materia o nombre geográfico como elemento inicial Biologia marina - Zooplancton - Manglares - Zonas costeras
690 ## - PUNTO DE ACCESO ADICIONAL DE MATERIA LOCAL--TÉRMINO DE MATERIA (OCLC, RLIN)
Término de materia o nombre geográfico como elemento inicial America Latina - Arrecifes de coral - Microorganismos
700 1# - ASIENTO SECUNDARIO--NOMBRE DE PERSONAL
Nombre de persona Ogden, John C.,
Término indicativo de función/relación coaut.
710 2# - ASIENTO SECUNDARIO - NOMBRE CORPORATIVO
Nombre de entidad corporativa o nombre de jurisdicción como elemento de entrada Gladfelter, Elizabeth H.,
Término indicativo de función/relación coaut.
710 2# - ASIENTO SECUNDARIO - NOMBRE CORPORATIVO
Nombre de entidad corporativa o nombre de jurisdicción como elemento de entrada ROSTLAC. Oficina Regional de Ciencia y Tecnología de la UNESCO para América Latina y el Caribe
905 ## - TIPO DE MATERIAL
Tipo de material UNESCO

No items available.